[Event "17. Obert Int. Sant Marti 2015"]
[Site "Barcelona ESP"]
[Date "2015.07.14"]
[Round "2.51"]
[White "Mateus, Martha"]
[Black "Rojas Fernandez, Andres"]
[Result "1/2-1/2"]
[WhiteElo "2172"]
[BlackElo "1946"]
[PlyCount "92"]
[EventDate "2015.07.13"]
[EventType "swiss"]
[EventRounds "9"]
[EventCountry "ESP"]
[SourceTitle "Ajedrez en Madrid"]
[Source "lmi"]
[SourceDate "2013.07.13"]
[SourceVersion "1"]
[SourceVersionDate "2019.06.24"]
[SourceQuality "1"]

1. e4 e6 2. d3 d5 3. Nd2 c5 4. Ngf3 Nc6 5. g3 Nf6 6. Bg2 b5 7. O-O dxe4 8. dxe4
Bb7 9. Qe2 a6 10. Rd1 Qc7 11. Nf1 Be7 12. c3 c4 13. Bf4 Qb6 14. b3 cxb3 15.
axb3 O-O 16. Nd4 Rfd8 17. Be3 Bc5 18. Nc2 Bxe3 19. Nfxe3 Ne7 20. f3 Rac8 21.
Rxd8+ Rxd8 22. Kh1 Qc7 23. c4 bxc4 24. Nxc4 Nc6 25. Rd1 h6 26. Rxd8+ Qxd8 27.
Qd2 Qxd2 28. Nxd2 Nd7 29. Kg1 Kf8 30. Kf2 Ke7 31. Ke3 Nb6 32. Kd3 Kd6 33. Kc3
Kc5 34. b4+ Kd6 35. f4 e5 36. Nc4+ Nxc4 37. Kxc4 f6 38. Ne1 Nd4 39. Nd3 Bc6 40.
fxe5+ fxe5 41. Nc5 Bb5+ 42. Kc3 Ne2+ 43. Kd2 Nd4 44. Kc3 Ne2+ 45. Kd2 Nd4 46.
Kc3 Ne2+ 1/2-1/2

[Event "17. Obert Int. Sant Marti 2015"]
[Site "Barcelona ESP"]
[Date "2015.07.14"]
[Round "2.52"]
[White "Bernat, Ernest"]
[Black "Perez Otero, Juan Antonio"]
[Result "1/2-1/2"]
[WhiteElo "1943"]
[BlackElo "2169"]
[PlyCount "98"]
[EventDate "2015.07.13"]
[EventType "swiss"]
[EventRounds "9"]
[EventCountry "ESP"]
[SourceTitle "Ajedrez en Madrid"]
[Source "lmi"]
[SourceDate "2013.07.13"]
[SourceVersion "1"]
[SourceVersionDate "2019.06.24"]
[SourceQuality "1"]

1. e4 c5 2. Nf3 Nc6 3. Nc3 g6 4. g3 Bg7 5. Bg2 e6 6. O-O Nge7 7. d3 O-O 8. Rb1
d5 9. Re1 d4 10. Ne2 e5 11. c3 h6 12. cxd4 cxd4 13. b4 a6 14. a4 b5 15. Nd2 Qd6
16. Ba3 Be6 17. a5 Rfc8 18. Nb3 Nd8 19. Nc5 Rc6 20. Qd2 Rac8 21. Rbc1 R8c7 22.
f4 Nb7 23. fxe5 Qxe5 24. Nxb7 Rxb7 25. Rxc6 Nxc6 26. Rc1 Ne7 27. Rc5 Qb8 28.
Qc1 Kh7 29. Bb2 Rd7 30. Nf4 Bb3 31. Bh3 Ra7 32. Ne2 Qd6 33. Qf4 Qd8 34. Qc1 Qd6
35. Qf4 Qd8 36. Nc1 Be6 37. Bxe6 fxe6 38. Ne2 e5 39. Qc1 Qd7 40. Kg2 Ra8 41.
Ng1 Rc8 42. Nf3 Rxc5 43. Qxc5 Qe6 44. Bc1 Nc6 45. Bd2 Kg8 46. Qb6 Qc8 47. Qc5
Qe6 48. Qb6 Qc8 49. Qc5 Qe6 1/2-1/2

[Event "17. Obert Int. Sant Marti 2015"]
[Site "Barcelona ESP"]
[Date "2015.07.14"]
[Round "2.53"]
[White "Fernandez Madrid, Carlos"]
[Black "Arroyo Mateo, Jose Miguel"]
[Result "1-0"]
[WhiteElo "2168"]
[BlackElo "1937"]
[PlyCount "67"]
[EventDate "2015.07.13"]
[EventType "swiss"]
[EventRounds "9"]
[EventCountry "ESP"]
[SourceTitle "Ajedrez en Madrid"]
[Source "lmi"]
[SourceDate "2013.07.13"]
[SourceVersion "1"]
[SourceVersionDate "2019.06.24"]
[SourceQuality "1"]

1. c4 Nf6 2. Nc3 g6 3. e4 d6 4. d4 Bg7 5. Nf3 O-O 6. h3 e5 7. d5 a5 8. g4 Na6
9. Be3 b6 10. Be2 Nc5 11. Nd2 Nfd7 12. a3 f5 13. gxf5 gxf5 14. exf5 Nf6 15. b4
Nb7 16. Rg1 Kh8 17. Bd3 Qe8 18. Rb1 axb4 19. axb4 Ra3 20. Qc1 Ra8 21. Nde4 Nxe4
22. Bxe4 Bxf5 23. Rxg7 Kxg7 24. Bh6+ Kh8 25. Qg5 Qg6 26. Qxg6 Bxg6 27. Bxf8
Bxe4 28. Nxe4 Rxf8 29. Ra1 Rc8 30. Ra7 Nd8 31. Nc3 c6 32. Rd7 cxd5 33. Nxd5 b5
34. Nf6 1-0

[Event "17. Obert Int. Sant Marti 2015"]
[Site "Barcelona ESP"]
[Date "2015.07.14"]
[Round "2.54"]
[White "Saiz Rodrigo, Fernando"]
[Black "Perez Pastora, Evarist"]
[Result "1/2-1/2"]
[WhiteElo "1937"]
[BlackElo "2158"]
[PlyCount "111"]
[EventDate "2015.07.13"]
[EventType "swiss"]
[EventRounds "9"]
[EventCountry "ESP"]
[SourceTitle "Ajedrez en Madrid"]
[Source "lmi"]
[SourceDate "2013.07.13"]
[SourceVersion "1"]
[SourceVersionDate "2019.06.24"]
[SourceQuality "1"]

1. e4 e6 2. Nf3 c5 3. Nc3 Nc6 4. Bb5 Nge7 5. d3 a6 6. Ba4 d5 7. a3 d4 8. Ne2
Qa5+ 9. c3 b5 10. Bc2 dxc3 11. bxc3 Ng6 12. O-O Be7 13. Bb2 O-O 14. Qd2 Rd8 15.
Qe3 Bb7 16. Ng5 h6 17. Nh3 Qc7 18. f4 Rf8 19. Rac1 Rad8 20. d4 Na5 21. Bd3 Nc4
22. Bxc4 bxc4 23. f5 exf5 24. Rxf5 Bc8 25. Rff1 Bxh3 26. Qxh3 Qb7 27. Rb1 Qxe4
28. Ng3 Qe3+ 29. Kh1 Bg5 30. Bc1 Qxc3 31. Bxg5 hxg5 32. dxc5 Nf4 33. Qg4 Rd2
34. Ne4 f5 35. Qxg5 fxe4 36. Rxf4 Rfd8 37. h3 R2d5 38. Qe7 Qg3 39. Qe6+ Kh8 40.
Qxe4 Rh5 41. Rbf1 Rg8 42. Rf8 Rg5 43. Rxg8+ Kxg8 44. Qxc4+ Kh7 45. Qe4+ Kh6 46.
Rf8 Re5 47. Rh8+ Kg5 48. h4+ Kf6 49. Qc6+ Kf5 50. Rh5+ Kf4 51. Rxe5 Qxh4+ 52.
Kg1 Kxe5 53. Qd6+ Kf5 54. c6 Qe1+ 55. Kh2 Qh4+ 56. Kg1 1/2-1/2

[Event "17. Obert Int. Sant Marti 2015"]
[Site "Barcelona ESP"]
[Date "2015.07.14"]
[Round "2.55"]
[White "Havik, Victor"]
[Black "Jocher, Georg"]
[Result "1/2-1/2"]
[WhiteElo "2139"]
[BlackElo "1931"]
[PlyCount "128"]
[EventDate "2015.07.13"]
[EventType "swiss"]
[EventRounds "9"]
[EventCountry "ESP"]
[SourceTitle "Ajedrez en Madrid"]
[Source "lmi"]
[SourceDate "2013.07.13"]
[SourceVersion "1"]
[SourceVersionDate "2019.06.24"]
[SourceQuality "1"]

1. d4 Nf6 2. c4 g6 3. Nc3 Bg7 4. e4 d6 5. Nf3 O-O 6. Be2 e5 7. O-O Nc6 8. d5
Ne7 9. Ne1 Nd7 10. Be3 f5 11. f3 f4 12. Bf2 g5 13. Nd3 Ng6 14. c5 Rf7 15. cxd6
cxd6 16. Nb5 Nf6 17. Nxa7 g4 18. Nxc8 Rxc8 19. Rc1 Rxc1 20. Qxc1 g3 21. hxg3
Nh5 22. g4 Ng3 23. Bxg3 fxg3 24. Qe3 Nf4 25. g5 Qxg5 26. Nxf4 exf4 27. Qb6 Qh4
28. Rc1 h5 29. Rc8+ Kh7 30. Bd3 Be5 31. b4 Qh2+ 32. Kf1 Qh1+ 33. Qg1 Qh2 34. a4
h4 35. a5 h3 36. Rc4 Kg6 37. b5 Kf6 38. a6 bxa6 39. bxa6 Rh7 40. Rc2 hxg2+ 41.
Qxg2 Qxg2+ 42. Kxg2 Rh2+ 43. Kf1 Rh1+ 44. Kg2 Rh2+ 45. Kf1 Rh1+ 46. Kg2 Ra1 47.
Rc6 Ra2+ 48. Rc2 Ra3 49. Bc4 Bd4 50. Ra2 Rxa2+ 51. Bxa2 Ke5 52. Bc4 Ba7 53. Bf1
Kf6 54. Kh3 Kg5 55. Bd3 Bb6 56. Bb5 Ba7 57. Bd7 Bb6 58. Kg2 Kf6 59. Kf1 Ke5 60.
Bh3 Kd4 61. Ke2 Kc5 62. Kd3 Ba7 63. Bf1 Bb6 64. Bh3 Ba7 1/2-1/2

[Event "17. Obert Int. Sant Marti 2015"]
[Site "Barcelona ESP"]
[Date "2015.07.14"]
[Round "2.56"]
[White "Lienhard, Alex"]
[Black "De Azua Arpi, Rafael"]
[Result "0-1"]
[WhiteElo "2139"]
[BlackElo "1916"]
[PlyCount "54"]
[EventDate "2015.07.13"]
[EventType "swiss"]
[EventRounds "9"]
[EventCountry "ESP"]
[SourceTitle "Ajedrez en Madrid"]
[Source "lmi"]
[SourceDate "2013.07.13"]
[SourceVersion "1"]
[SourceVersionDate "2019.06.24"]
[SourceQuality "1"]

1. e4 e6 2. d4 d5 3. Nc3 Bb4 4. e5 c5 5. a3 Bxc3+ 6. bxc3 Qa5 7. Bd2 Qa4 8. Qb1
c4 9. Nf3 Nc6 10. h4 h5 11. g3 b6 12. Bh3 Bd7 13. O-O O-O-O 14. Ne1 f6 15. f4
f5 16. Nf3 Nh6 17. Ng5 Rde8 18. Re1 Kb7 19. Bg2 Re7 20. Bf3 g6 21. Nh3 Ng4 22.
Bxg4 fxg4 23. Nf2 Rf7 24. Nd1 Ne7 25. Nb2 Qa5 26. a4 Nf5 27. Nd1 Nxd4 0-1

[Event "17. Obert Int. Sant Marti 2015"]
[Site "Barcelona ESP"]
[Date "2015.07.14"]
[Round "2.57"]
[White "Coppola, Federico"]
[Black "Magallanes, Gustavo"]
[Result "1/2-1/2"]
[WhiteElo "2136"]
[BlackElo "1908"]
[PlyCount "89"]
[EventDate "2015.07.13"]
[EventType "swiss"]
[EventRounds "9"]
[EventCountry "ESP"]
[SourceTitle "Ajedrez en Madrid"]
[Source "lmi"]
[SourceDate "2013.07.13"]
[SourceVersion "1"]
[SourceVersionDate "2019.06.24"]
[SourceQuality "1"]

1. Nf3 Nf6 2. c4 c5 3. Nc3 Nc6 4. g3 g6 5. Bg2 Bg7 6. O-O O-O 7. d4 cxd4 8.
Nxd4 Qa5 9. Nb3 Qh5 10. c5 b6 11. e4 Qxd1 12. Rxd1 Ng4 13. h3 Nh6 14. Be3 Rb8
15. cxb6 axb6 16. g4 f5 17. exf5 gxf5 18. g5 Nf7 19. f4 Nd6 20. Bxc6 dxc6 21.
Nd4 c5 22. Nc6 Rb7 23. Nd5 Nc4 24. Rac1 Nxe3 25. Nxe3 Bxb2 26. Rb1 Bg7 27. Nd5
b5 28. Ndxe7+ Kh8 29. Rd5 c4 30. Rdxb5 c3 31. a4 Rc7 32. Nxc8 Rfxc8 33. Nb4 c2
34. Rc1 Bb2 35. Rxc2 Rxc2 36. Nxc2 Rxc2 37. Rxf5 Bd4+ 38. Kh1 Ra2 39. a5 Kg7
40. a6 Rxa6 41. Kg2 Ra3 42. h4 Kg6 43. Rd5 Bb2 44. f5+ Kh5 45. Rd7 1/2-1/2

[Event "17. Obert Int. Sant Marti 2015"]
[Site "Barcelona ESP"]
[Date "2015.07.14"]
[Round "2.58"]
[White "Aprea, Daniele"]
[Black "Leriche, Luc"]
[Result "1/2-1/2"]
[WhiteElo "1923"]
[BlackElo "2132"]
[PlyCount "149"]
[EventDate "2015.07.13"]
[EventType "swiss"]
[EventRounds "9"]
[EventCountry "ESP"]
[SourceTitle "Ajedrez en Madrid"]
[Source "lmi"]
[SourceDate "2013.07.13"]
[SourceVersion "1"]
[SourceVersionDate "2019.06.24"]
[SourceQuality "1"]

1. d4 Nf6 2. c4 c5 3. d5 b5 4. cxb5 a6 5. bxa6 g6 6. Nc3 Bxa6 7. e4 Bxf1 8.
Kxf1 d6 9. g3 Bg7 10. Kg2 O-O 11. Nf3 Nbd7 12. Re1 Ng4 13. Qe2 Nge5 14. Nd2 Nb6
15. f4 Ned7 16. Nf3 Na4 17. e5 Nxc3 18. bxc3 Nb6 19. c4 Ra4 20. Nd2 dxe5 21.
fxe5 Nxc4 22. Nxc4 Qxd5+ 23. Qe4 Qxc4 24. Qxc4 Rxc4 25. a4 Ra8 26. a5 Rb4 27.
Ra2 Rb5 28. Bd2 Ra6 29. Bc3 Bh6 30. Rd1 Rb3 31. Rd8+ Kg7 32. Rc2 Ra3 33. Kf2
Ra4 34. Rc8 c4 35. Rc7 Kf8 36. Rc8+ Kg7 37. Rc7 Re6 38. Kf3 g5 39. g4 Kg6 40.
Ke4 Bg7 41. Rc5 f6 42. Kd5 Kf7 43. Rxc4 Rxa5+ 44. Bxa5 Rxe5+ 45. Kd4 Rxa5 46.
Ke4 f5+ 47. gxf5 Re5+ 48. Kf3 Rxf5+ 49. Kg4 Kg6 50. Rc6+ Bf6 51. Kg3 h5 52. h3
Rd5 53. Kg2 Rd3 54. R2c4 Kf5 55. R6c5+ Be5 56. Rb5 Kf6 57. Rc6+ Bd6 58. h4 gxh4
59. Rxh5 Rg3+ 60. Kh1 Rg4 61. Rb5 h3 62. Rh5 Rg3 63. Rc2 Rf3 64. Kg1 h2+ 65.
Rcxh2 Bxh2+ 66. Rxh2 e5 67. Rf2 Rf5 68. Kg2 e4 69. Rxf5+ Kxf5 70. Kf2 Kf4 71.
Ke2 e3 72. Ke1 Ke4 73. Ke2 Kd4 74. Ke1 Kd3 75. Kd1 1/2-1/2

[Event "17. Obert Int. Sant Marti 2015"]
[Site "Barcelona ESP"]
[Date "2015.07.14"]
[Round "2.59"]
[White "Scheffknecht, Philipp"]
[Black "Egorova, Ayyyna"]
[Result "1/2-1/2"]
[WhiteElo "2121"]
[BlackElo "1901"]
[PlyCount "153"]
[EventDate "2015.07.13"]
[EventType "swiss"]
[EventRounds "9"]
[EventCountry "ESP"]
[SourceTitle "Ajedrez en Madrid"]
[Source "lmi"]
[SourceDate "2013.07.13"]
[SourceVersion "1"]
[SourceVersionDate "2019.06.24"]
[SourceQuality "1"]

1. d4 f5 2. g4 fxg4 3. e4 d5 4. e5 Nc6 5. h3 g3 6. fxg3 Bf5 7. c3 Qd7 8. Nd2 h5
9. Ngf3 Nh6 10. Nh4 g6 11. Ndf3 Be4 12. Bd3 O-O-O 13. Bf4 Nf5 14. Nxg6 Rg8 15.
Bxe4 dxe4 16. Nfh4 Bh6 17. Qxh5 Nxh4 18. Nxh4 Bxf4 19. gxf4 Nb4 20. Qe2 Nd3+
21. Kd2 Nxf4 22. Qxe4 Nxh3 23. Qf5 Rg2+ 24. Ke1 Qxf5 25. Nxf5 Rf8 26. Ne3 Rg3
27. Nf1 Rgf3 28. Rb1 Nf4 29. Kd2 Rf2+ 30. Kd1 Nd3 31. Nd2 Rg2 32. Kc2 Rff2 33.
Kxd3 Rxd2+ 34. Kc4 Rxb2 35. Rxb2 Rxb2 36. e6 c6 37. Rh7 Kd8 38. a4 Re2 39. Rh6
Kc7 40. Kb3 Kd6 41. c4 Rxe6 42. Rh8 Re3+ 43. Kb4 b6 44. c5+ bxc5+ 45. dxc5+ Kc7
46. Rh7 Kb8 47. Rh6 Kb7 48. Ka5 Re1 49. Kb4 a5+ 50. Kc4 Re4+ 51. Kb3 Re3+ 52.
Kc4 Ra3 53. Re6 Rxa4+ 54. Kc3 Rh4 55. Rxe7+ Ka6 56. Re5 Kb5 57. Kb3 Rc4 58. Re8
a4+ 59. Ka3 Rc3+ 60. Kb2 Rb3+ 61. Kc2 Kxc5 62. Ra8 Kb4 63. Rb8+ Ka3 64. Rc8 Rb6
65. Kc3 Ka2 66. Kc2 a3 67. Ra8 c5 68. Ra5 c4 69. Ra4 Rb2+ 70. Kc3 Rh2 71. Ra8
Rh3+ 72. Kc2 Ka1 73. Ra7 a2 74. Ra8 Rb3 75. Ra7 Rb2+ 76. Kc1 c3 77. Ra8 1/2-1/2

[Event "17. Obert Int. Sant Marti 2015"]
[Site "Barcelona ESP"]
[Date "2015.07.14"]
[Round "2.60"]
[White "Molano Lafuente, Ismael"]
[Black "Perez Ruiz, Santiago"]
[Result "0-1"]
[WhiteElo "2112"]
[BlackElo "1885"]
[PlyCount "34"]
[EventDate "2015.07.13"]
[EventType "swiss"]
[EventRounds "9"]
[EventCountry "ESP"]
[SourceTitle "Ajedrez en Madrid"]
[Source "lmi"]
[SourceDate "2013.07.13"]
[SourceVersion "1"]
[SourceVersionDate "2019.06.24"]
[SourceQuality "1"]

1. e4 e6 2. b3 d5 3. Bb2 dxe4 4. Nc3 Nf6 5. Qe2 Be7 6. Nxe4 O-O 7. O-O-O a5 8.
a3 b5 9. Nxf6+ Bxf6 10. Nf3 Ba6 11. Bxf6 Qxf6 12. Qe5 Qe7 13. Bxb5 Qxa3+ 14.
Kb1 Bxb5 15. Qxb5 a4 16. Ne5 axb3 17. cxb3 Ra5 0-1

[Event "17. Obert Int. Sant Marti 2015"]
[Site "Barcelona ESP"]
[Date "2015.07.14"]
[Round "2.61"]
[White "Serefidou, Despina"]
[Black "Vazquez Moreno, Josep M"]
[Result "0-1"]
[WhiteElo "1923"]
[BlackElo "2104"]
[PlyCount "78"]
[EventDate "2015.07.13"]
[EventType "swiss"]
[EventRounds "9"]
[EventCountry "ESP"]
[SourceTitle "Ajedrez en Madrid"]
[Source "lmi"]
[SourceDate "2013.07.13"]
[SourceVersion "1"]
[SourceVersionDate "2019.06.24"]
[SourceQuality "1"]

1. e4 c5 2. Nf3 d6 3. d4 cxd4 4. Nxd4 Nf6 5. Nc3 a6 6. Bg5 e6 7. f4 Be7 8. Qf3
Qc7 9. O-O-O h6 10. Bxf6 Bxf6 11. f5 O-O 12. h4 Nc6 13. Nb3 Bxc3 14. Qxc3 exf5
15. exf5 Bxf5 16. Nd4 Be4 17. Bd3 d5 18. Bxe4 dxe4 19. Qe3 Rfe8 20. Nxc6 Qxc6
21. Rd4 Rac8 22. c3 Qe6 23. Kb1 Qg4 24. g3 Rcd8 25. Re1 f5 26. Re2 Rxd4 27.
cxd4 Rd8 28. Rd2 Qf3 29. Qxf3 exf3 30. Kc2 g5 31. hxg5 hxg5 32. Kd3 Re8 33. Rc2
g4 34. Rc5 Rf8 35. Ke3 Kg7 36. Re5 Kf6 37. b4 Rd8 38. a3 Rxd4 39. Re8 Re4+ 0-1

[Event "17. Obert Int. Sant Marti 2015"]
[Site "Barcelona ESP"]
[Date "2015.07.14"]
[Round "2.62"]
[White "Petrone, Gianmario"]
[Black "Jul Perez, Alberto"]
[Result "1-0"]
[WhiteElo "2102"]
[BlackElo "1870"]
[PlyCount "81"]
[EventDate "2015.07.13"]
[EventType "swiss"]
[EventRounds "9"]
[EventCountry "ESP"]
[SourceTitle "Ajedrez en Madrid"]
[Source "lmi"]
[SourceDate "2013.07.13"]
[SourceVersion "1"]
[SourceVersionDate "2019.06.24"]
[SourceQuality "1"]

1. e4 e6 2. d4 d5 3. Bd3 dxe4 4. Bxe4 Nf6 5. Bf3 c5 6. Ne2 Nc6 7. Be3 cxd4 8.
Nxd4 Nxd4 9. Bxd4 Be7 10. O-O O-O 11. Nc3 a6 12. Na4 Nd7 13. c4 Bf6 14. Bxf6
Qxf6 15. Bxb7 Bxb7 16. Qxd7 Be4 17. Nc3 Bf5 18. Rfd1 Rab8 19. Qd2 Rfc8 20. b3
Qg6 21. Qe3 Bc2 22. Rd2 Rd8 23. Rc1 Rxd2 24. Qxd2 Be4 25. Nxe4 Qxe4 26. Rd1 h6
27. Qd3 Qg4 28. h3 Qf4 29. Qd6 Qxd6 30. Rxd6 Ra8 31. Kf1 Kf8 32. Ke2 Ke7 33.
Rb6 Ra7 34. b4 Kd7 35. a4 a5 36. b5 Kc7 37. c5 Ra8 38. Rc6+ Kb7 39. Rd6 Rc8 40.
Rd7+ Kb8 41. c6 1-0

[Event "17. Obert Int. Sant Marti 2015"]
[Site "Barcelona ESP"]
[Date "2015.07.14"]
[Round "2.63"]
[White "Ruiz Molina, Gabriel"]
[Black "Huguet, Sergio"]
[Result "1/2-1/2"]
[WhiteElo "1916"]
[BlackElo "2094"]
[PlyCount "39"]
[EventDate "2015.07.13"]
[EventType "swiss"]
[EventRounds "9"]
[EventCountry "ESP"]
[SourceTitle "Ajedrez en Madrid"]
[Source "lmi"]
[SourceDate "2013.07.13"]
[SourceVersion "1"]
[SourceVersionDate "2019.06.24"]
[SourceQuality "1"]

1. d4 d5 2. c4 e5 3. e3 exd4 4. exd4 Nf6 5. Nf3 Bb4+ 6. Bd2 Qe7+ 7. Be2 dxc4 8.
Qa4+ Nc6 9. O-O O-O 10. Bxc4 Bxd2 11. Nbxd2 Qb4 12. Qc2 Bg4 13. a3 Qd6 14. d5
Ne7 15. Rad1 Nexd5 16. Ne4 Qc6 17. Rxd5 Nxd5 18. Ne5 Qe6 19. Nxg4 Qxg4 20. Bxd5
1/2-1/2

[Event "17. Obert Int. Sant Marti 2015"]
[Site "Barcelona ESP"]
[Date "2015.07.14"]
[Round "2.64"]
[White "Niklesh, Kumar Jain"]
[Black "Hapala, Elisabeth"]
[Result "1/2-1/2"]
[WhiteElo "1904"]
[BlackElo "2083"]
[PlyCount "80"]
[EventDate "2015.07.13"]
[EventType "swiss"]
[EventRounds "9"]
[EventCountry "ESP"]
[SourceTitle "Ajedrez en Madrid"]
[Source "lmi"]
[SourceDate "2013.07.13"]
[SourceVersion "1"]
[SourceVersionDate "2019.06.24"]
[SourceQuality "1"]

1. Nf3 d5 2. g3 c6 3. Bg2 Bg4 4. d3 Nd7 5. O-O Ngf6 6. h3 Bh5 7. Qe1 e5 8. e4
dxe4 9. dxe4 Bc5 10. a4 a5 11. Na3 O-O 12. Nc4 Re8 13. Nh4 Qc7 14. Bd2 b6 15.
Nf5 Nf8 16. c3 Ne6 17. Be3 Rad8 18. b4 axb4 19. cxb4 Bxe3 20. Qxe3 Nd4 21. Nxd4
Rxd4 22. Rfc1 Bg6 23. f4 Nxe4 24. Nxe5 Rxb4 25. Rxc6 Qb7 26. Rac1 f6 27. Nxg6
hxg6 28. R6c4 Rxc4 29. Rxc4 f5 30. Bxe4 Rxe4 31. Rxe4 fxe4 32. Qb3+ Kh7 33. Kf2
Qd7 34. Ke3 Qxh3 35. Kxe4 Qf5+ 36. Kf3 g5 37. Qxb6 gxf4 38. gxf4 Qd3+ 39. Kg4
Qd1+ 40. Kg5 Qxa4 1/2-1/2

[Event "17. Obert Int. Sant Marti 2015"]
[Site "Barcelona ESP"]
[Date "2015.07.14"]
[Round "2.65"]
[White "Derakhshani, Borna"]
[Black "Anker, Christin"]
[Result "1-0"]
[WhiteElo "2079"]
[BlackElo "1849"]
[PlyCount "127"]
[EventDate "2015.07.13"]
[EventType "swiss"]
[EventRounds "9"]
[EventCountry "ESP"]
[SourceTitle "Ajedrez en Madrid"]
[Source "lmi"]
[SourceDate "2013.07.13"]
[SourceVersion "1"]
[SourceVersionDate "2019.06.24"]
[SourceQuality "1"]

1. e4 e5 2. Nf3 Nc6 3. Bc4 Bc5 4. c3 Nf6 5. d3 a6 6. Nbd2 Ba7 7. Bb3 O-O 8. Nf1
Ng4 9. Ne3 Nxe3 10. Bxe3 d6 11. Qd2 Kh8 12. Ng5 Qe7 13. Qe2 Bxe3 14. Qxe3 f6
15. Nf3 Be6 16. Nh4 Bxb3 17. axb3 Qf7 18. b4 Ne7 19. g4 d5 20. Qc5 c6 21. O-O-O
Rfb8 22. Nf5 Ng6 23. h4 Nf4 24. Kc2 Qd7 25. g5 b6 26. Qe7 Qxe7 27. Nxe7 Rb7 28.
Nxc6 Rc7 29. b5 axb5 30. Nb4 d4 31. Ra1 Rac8 32. Ra3 Kg8 33. gxf6 gxf6 34. Kd2
dxc3+ 35. Rxc3 Kf7 36. Rhc1 Rxc3 37. bxc3 Rg8 38. Ke3 Ke6 39. Ra1 Rc8 40. Kd2
Kd6 41. Ra6 Rb8 42. Ra7 h5 43. Rf7 Ke6 44. Rc7 Kd6 45. Rc6+ Ke7 46. Ke3 Ng2+
47. Kf3 Nxh4+ 48. Kg3 Ng6 49. Nd5+ Kd7 50. Rc7+ Kd6 51. Rg7 Nf4 52. Nxf4 exf4+
53. Kxf4 Rc8 54. Kf5 Rxc3 55. Kxf6 Rxd3 56. f4 b4 57. e5+ Kc6 58. e6 b3 59. e7
Re3 60. Kf7 b2 61. Rg1 Kd7 62. Rd1+ Kc7 63. e8=Q Rxe8 64. Kxe8 1-0

[Event "17. Obert Int. Sant Marti 2015"]
[Site "Barcelona ESP"]
[Date "2015.07.14"]
[Round "2.66"]
[White "Drvar, Izidor"]
[Black "Herms Agullo, Jordi"]
[Result "0-1"]
[WhiteElo "1900"]
[BlackElo "2075"]
[PlyCount "117"]
[EventDate "2015.07.13"]
[EventType "swiss"]
[EventRounds "9"]
[EventCountry "ESP"]
[SourceTitle "Ajedrez en Madrid"]
[Source "lmi"]
[SourceDate "2013.07.13"]
[SourceVersion "1"]
[SourceVersionDate "2019.06.24"]
[SourceQuality "1"]

1. d4 Nf6 2. c4 e6 3. Nf3 c5 4. Nc3 a6 5. e3 Nc6 6. a3 d5 7. dxc5 dxc4 8. Qxd8+
Nxd8 9. Bxc4 Bxc5 10. b4 Be7 11. Bb2 b5 12. Bb3 Bb7 13. Rd1 O-O 14. Ne5 Bxg2
15. Rg1 Bb7 16. Nxb5 axb5 17. Nd7 Kh8 18. Nxf8 Bxf8 19. Bxf6 gxf6 20. Rd7 Bc6
21. Rd4 f5 22. Bc2 Be7 23. Ke2 Rxa3 24. Rgd1 Ra8 25. f4 Bd5 26. Bxf5 Nc6 27.
Rxd5 exd5 28. Rxd5 Bxb4 29. Be4 Ra2+ 30. Kf3 Ne7 31. Rxb5 Be1 32. Rb7 Bh4 33.
Bb1 Rxh2 34. e4 h5 35. e5 Kg7 36. Ke4 f5+ 37. exf6+ Bxf6 38. Kf3 h4 39. Be4
Rh3+ 40. Kg2 Re3 41. Rb4 Bc3 42. Rc4 Be1 43. f5 Kf6 44. Bb1 h3+ 45. Kh1 Bg3 46.
Rc1 Nd5 47. Rc6+ Kg5 48. Rc1 Nc3 49. Rf1 Kf6 50. Rc1 Re2 51. Bd3 Rh2+ 52. Kg1
Ne2+ 53. Bxe2 Rxe2 54. Rf1 Be5 55. Kh1 Kg5 56. Kg1 Ra2 57. Kh1 Bd4 58. Rf3 Kg4
59. Rxh3 0-1

[Event "17. Obert Int. Sant Marti 2015"]
[Site "Barcelona ESP"]
[Date "2015.07.14"]
[Round "2.67"]
[White "Dadello, Aleksandra"]
[Black "Minguell Soler, Joan"]
[Result "1-0"]
[WhiteElo "2068"]
[BlackElo "1836"]
[PlyCount "61"]
[EventDate "2015.07.13"]
[EventType "swiss"]
[EventRounds "9"]
[EventCountry "ESP"]
[SourceTitle "Ajedrez en Madrid"]
[Source "lmi"]
[SourceDate "2013.07.13"]
[SourceVersion "1"]
[SourceVersionDate "2019.06.24"]
[SourceQuality "1"]

1. e4 e6 2. d4 d5 3. Nc3 Bb4 4. e5 c5 5. a3 Bxc3+ 6. bxc3 Qa5 7. Bd2 Qa4 8. Qg4
g6 9. Ra2 Nc6 10. Nf3 Nge7 11. Bd3 Bd7 12. O-O c4 13. Be2 O-O-O 14. Bg5 h6 15.
Bf6 Rhg8 16. Qh3 Qa5 17. Qxh6 Qxc3 18. Qe3 Qa5 19. c3 Nf5 20. Qd2 Rdf8 21. Rb1
Qc7 22. a4 Na5 23. g4 Ng7 24. Ng5 Bc6 25. Nh7 Re8 26. Qh6 Nf5 27. gxf5 gxf5+
28. Ng5 Rg6 29. Qh7 Rxf6 30. exf6 e5 31. Qxf7 1-0

[Event "17. Obert Int. Sant Marti 2015"]
[Site "Barcelona ESP"]
[Date "2015.07.14"]
[Round "2.68"]
[White "Dominguez, Laura Lucia"]
[Black "Quero Ortega, Juan"]
[Result "1-0"]
[WhiteElo "2057"]
[BlackElo "1820"]
[PlyCount "35"]
[EventDate "2015.07.13"]
[EventType "swiss"]
[EventRounds "9"]
[EventCountry "ESP"]
[SourceTitle "Ajedrez en Madrid"]
[Source "lmi"]
[SourceDate "2013.07.13"]
[SourceVersion "1"]
[SourceVersionDate "2019.06.24"]
[SourceQuality "1"]

1. e4 d6 2. d4 g6 3. f3 Bg7 4. Be3 c5 5. Ne2 Nc6 6. Nbc3 cxd4 7. Nxd4 Nf6 8.
Qd2 Bd7 9. Bc4 O-O 10. Bb3 Nxd4 11. Bxd4 Bc6 12. h4 Qa5 13. h5 Qb4 14. hxg6
hxg6 15. O-O-O Rfc8 16. Qg5 Kf8 17. a3 Nxe4 18. Bxg7+ 1-0

[Event "17. Obert Int. Sant Marti 2015"]
[Site "Barcelona ESP"]
[Date "2015.07.14"]
[Round "2.69"]
[White "Cano Sevila, Ivan"]
[Black "Lopez Perdomo, Juan David"]
[Result "0-1"]
[WhiteElo "1870"]
[BlackElo "2056"]
[PlyCount "58"]
[EventDate "2015.07.13"]
[EventType "swiss"]
[EventRounds "9"]
[EventCountry "ESP"]
[SourceTitle "Ajedrez en Madrid"]
[Source "lmi"]
[SourceDate "2013.07.13"]
[SourceVersion "1"]
[SourceVersionDate "2019.06.24"]
[SourceQuality "1"]

1. b4 e5 2. Bb2 Bxb4 3. Bxe5 Nf6 4. Nf3 Nc6 5. Bb2 d5 6. e3 a6 7. Be2 O-O 8.
O-O Re8 9. d4 Bg4 10. h3 Bh5 11. Nbd2 Ne4 12. Nxe4 dxe4 13. Nd2 Bxe2 14. Qxe2
Bxd2 15. Qxd2 Qd5 16. Rfc1 Ne5 17. Qb4 Nc4 18. a4 a5 19. Qb3 Ra6 20. Ba3 Rb6
21. Qa2 Rg6 22. c3 Qg5 23. g3 Nxe3 24. Rcb1 Qf5 25. Bc1 Nd1 26. Qc2 Qf3 27. Bf4
Qxf4 28. Qxd1 e3 29. Ra2 exf2+ 0-1

[Event "17. Obert Int. Sant Marti 2015"]
[Site "Barcelona ESP"]
[Date "2015.07.14"]
[Round "2.70"]
[White "Moreno Perez, Norberto"]
[Black "Heinrici, Simon"]
[Result "0-1"]
[WhiteElo "1853"]
[BlackElo "2046"]
[PlyCount "60"]
[EventDate "2015.07.13"]
[EventType "swiss"]
[EventRounds "9"]
[EventCountry "ESP"]
[SourceTitle "Ajedrez en Madrid"]
[Source "lmi"]
[SourceDate "2013.07.13"]
[SourceVersion "1"]
[SourceVersionDate "2019.06.24"]
[SourceQuality "1"]

1. e4 e5 2. Nf3 Nc6 3. Bc4 Nf6 4. d3 Bc5 5. O-O d6 6. c3 a6 7. d4 exd4 8. cxd4
Ba7 9. Bg5 h6 10. Bc1 Bg4 11. Qb3 O-O 12. e5 Bxf3 13. exf6 Nxd4 14. Qd3 Be2 15.
Qg6 Qxf6 16. Qxf6 gxf6 17. Bxe2 Nxe2+ 18. Kh1 Nxc1 19. Rxc1 Bd4 20. Rc2 Rfe8
21. Na3 b5 22. g3 Re7 23. Rd2 Bb6 24. Rc1 Rae8 25. Kg2 Ba5 26. Rd5 Re2 27. Nc2
R8e5 28. Rd3 Bb6 29. Rf3 Rc5 30. Nd4 Rxf2+ 0-1